000 02127nam2a22003731 4500
001 rc\1155394
005 20250622214001.0
035 _a(NLR Aleph) 006430851
090 _a5546349
_c5546349
100 _a20041129d1980 |||y0rusy50 ca
101 0 _arus
102 _aRU
105 _aa |||||||||
200 0 _a[Вып. 1]
210 _d1980
_aБ. м.
215 _a168 с.
_cил.
300 _aС Вып. 2 (1982) хранится в журн. фонде, шифр П34/820. См. каталог периодических изданий
327 0 _aАвт.: С. Акматбекова, Ж. Бекниязов, Р. Горбачева, А. Дегенбаева, А. Джакшылыков, Н. Джаркынбаев, Т. Жороев, Д. Жапаров, А. Зайцев, Р. Карагулова и др.
461 0 _1001rc\1155393
_12001#$aПеревал$eМолодая поэзия Киргизстана$e[Сборник$fСоставление А. Джакшылыкова, Б. Сарыгулова$gХудож. А. Цыганок]$v[Вып. 1]
_95546345
_cФрунзе
_d1980-
_fСоставление А. Джакшылыкова, Б. Сарыгулова
_nКыргызстан
_oМолодая поэзия Киргизстана : [Сборник
_tПеревал
_v[Вып. 1]
464 0 _1700#1$aАкматбекова$bС.
_aАкматбекова, С.
464 0 _1700#1$aБекниязов$bЖ.
_aБекниязов, Ж.
464 0 _1700#1$aГорбачева$bР.
_aГорбачева, Р.
464 0 _1700#1$aДегенбаева$bА.
_aДегенбаева, А.
464 0 _1700#1$aДжакшылыков$bА.
_aДжакшылыков, А.
464 0 _1700#1$aДжаркынбаев$bН.
_aДжаркынбаев, Н.
464 0 _1700#1$aЖороев$bТ.
_aЖороев, Т.
464 0 _1700#1$aЖапаров$bД.
_aЖапаров, Д.
464 0 _1700#1$aЗайцев$bА.
_aЗайцев, А.
464 0 _1700#1$aКарагулова$bР.
_aКарагулова, Р.
801 0 _aRU
_bNLR
_gpsbo
801 1 _aRU
_bELAR
_2rusmarc
852 _aNLR
_j81-2/273
942 _cBOOK
980 _aNB